Central Library OPAC University of Rajshahi

Abraham Lincoln and the American commitment : (Record no. 29977)

MARC details
000 -LEADER
fixed length control field 00960cam a2200265 4500
001 - CONTROL NUMBER
control field 29977
003 - CONTROL NUMBER IDENTIFIER
rucl marc code BD-RjUL
005 - DATE AND TIME OF LATEST TRANSACTION
control field 20211209051506.0
008 - FIXED-LENGTH DATA ELEMENTS--GENERAL INFORMATION
fixed length control field 140408s1966 enk b 000 0 eng d
035 ## - SYSTEM CONTROL NUMBER
System control number OCLC ocm02138970 from D970602M
-- (BD-RjUL) 30062
040 ## - CATALOGING SOURCE
Original cataloging agency DLC
Transcribing agency FNP
Modifying agency SER
-- UKM
-- BD-RjUL
Language of cataloging eng
041 ## - LANGUAGE CODE
Language code of text/sound track or separate title eng
082 ## - DEWEY DECIMAL CLASSIFICATION NUMBER
Classification number 973.7
Author mark and year POA 1966
100 1# - MAIN ENTRY--PERSONAL NAME
Personal name Pole, J. R.
Fuller form of name (Jack Richon)
9 (RLIN) 91212
245 10 - TITLE STATEMENT
Title Abraham Lincoln and the American commitment :
Remainder of title a lecture given in the University of Cambridge to mark the centenary of the death of Abraham Lincoln /
Statement of responsibility, etc. by J.R. Pole.
260 ## - PUBLICATION, DISTRIBUTION, ETC. (IMPRINT)
Place of publication, distribution, etc. Cambridge :
Name of publisher, distributor, etc. Cambridge University Press,
Date of publication, distribution, etc. 1966.
300 ## - PHYSICAL DESCRIPTION
Pagination 38 p. ;
Size 19 cm.
504 ## - BIBLIOGRAPHY, ETC. NOTE
Bibliography, etc Bibliography: p. [38]
600 10 - SUBJECT ADDED ENTRY--PERSONAL NAME
Personal name Lincoln, Abraham,
Dates associated with a name 1809-1865.
650 #0 - SUBJECT ADDED ENTRY--TOPICAL TERM
Topical term or geographic name as entry element Nationalism
Geographic subdivision United States.
9 (RLIN) 91214
651 #0 - SUBJECT ADDED ENTRY--GEOGRAPHIC NAME
Geographic name United States
General subdivision Politics and government
Chronological subdivision 1849-1877.
9 (RLIN) 84914
942 ## - ADDED ENTRY ELEMENTS (KOHA)
Source of classification or shelving scheme Dewey Decimal Classification
Koha item type Books
Holdings
Lost status Source of classification or shelving scheme Damaged status Not for loan Collection code Permanent Location Current Location Shelving location Date acquired Source of acquisition Cost, normal purchase price Total Checkouts Full call number Date last seen Copy number Koha item type
  Dewey Decimal Classification   Added to bundle Non-fiction Central Library, University of Rajshahi Central Library, University of Rajshahi Reading Room 08/10/1969 Zeitlinger 5.00   973.7 POA 1966 08/04/2014 C-1 Books